000 00693nam a2200277Ia 4500
005 20260324124548.0
008 008 260324s9999 xx 000 0 eng d
020 _a9781315219479
037 _aEBOOK
040 _aCRL
040 _beng
040 _cCRL
041 _2eng
041 _aeng
084 _qCRL
100 _aM. Yasin Akhtar Raja; Mohammad Ilyas; Salahuddin Qazi; Sohail Anwar
_91174631
245 0 _aNanotechnology for Telecommunications
260 _bTaylor and Francis
260 _c2010
365 _a
365 _b435
856 _uhttp://www.taylorfrancis.com/books/9781315219479
942 _cEBOOK
999 _c1769108
_d1769108